| 000 | 00917nam a2200265Ia 4500 | ||
|---|---|---|---|
| 003 | OSt | ||
| 005 | 20220923211410.0 | ||
| 006 | a|||||r|||| 00| 0 | ||
| 007 | ta | ||
| 008 | 220922b |||||||| |||| 00| 0 san d | ||
| 020 |
_a9788190585583 (hbk) _c500 |
||
| 024 | _a324,918 | ||
| 037 |
_b337, 10/02/2018, Eastern Book Linkers _cTextual |
||
| 040 |
_aARTS _cARTS _bsan |
||
| 041 |
_2san _asan |
||
| 082 | _aWx9,1, 152Q7 | ||
| 100 | _aकामन्दक, ले. | ||
| 245 | 0 | _aकामन्दकीय नीतिसार | |
| 246 | _aKāhindakīya nītisāra | ||
| 260 |
_aवाराणसी _b आदित्य बुक सेन्टर _c2017 |
||
| 300 |
_a186पृ0 _ccm. |
||
| 650 |
_aभारतीय राजनीति _9156264 |
||
| 942 |
_hWx9,1, 152Q7 _cTEXL _2CC |
||
| 999 |
_c299114 _d299114 |
||